Sports Quiz

Random Sports or Soccer Quiz

Football teams by last European Trophy Quiz Stats

 Plays Quiz not verified by Sporcle

Also try: Big 4 Beer Mugs
Challenge
Share
Tweet
Embed
Score 0/62 Timer 12:00
0 Plays Today
Date Team % Correct
15 May 2013Chelsea
98.3%
28 May 2011Barcelona
89.7%
9 May 2012Atlético Madrid
87.1%
22 May 2010Internazionale
83.6%
21 May 2008Manchester United
81.9%
18 May 2011Porto
80.2%
25 May 2005Liverpool
77.6%
23 May 2007A.C Milan
75%
25 May 2013Bayern Munich
70.7%
15 May 2002Real Madrid
67.2%
14 May 2008Zenit St. Petersburg
59.5%
28 May 1997Borussia Dortmund
59.5%
24 May 1995Ajax
56.9%
22 May 1996Juventus
55.2%
16 May 2007Sevilla
52.6%
19 May 2004Valencia
51.7%
26 May 1993Olympique de Marseille
51.7%
20 May 2009Shakhtar Donetsk
50%
28 May 1980Nottingham Forest
48.3%
29 May 1991Red Star Belgrade
47.4%
26 May 1982Aston Villa
47.4%
18 May 2005CSKA Moscow
46.6%
25 May 1988PSV Eindhoven
45.7%
25 May 1967Celtic
45.7%
17 May 2000Galatasaray
44%
19 May 1999Lazio
44%
8 May 2002Feyenoord
43.1%
25 May 1983Hamburger SV
40.5%
4 May 1994Arsenal
39.7%
7 May 1986Steaua Bucureşti
39.7%
12 May 1999Parma
38.8%
Date Team % Correct
23 May 1984Tottenham Hotspur
33.6%
21 May 1997Schalke 04
30.2%
2 May 1962Benfica
29.3%
11 May 1983Aberdeen
28.4%
10 May 1995Real Zaragoza
27.6%
8 May 1996Paris Saint-Germain
26.7%
17 May 1989Napoli
25.9%
24 May 1972Rangers
25.9%
15 May 1985Everton
22.4%
23 May 1979Borussia Mönchengladbach
22.4%
9 May 1990Sampdoria
21.6%
20 May 1981Ipswich Town
21.6%
18 May 1988Bayer Leverkusen
20.7%
3 June 1971Leeds United
20.7%
2 May 1986Dynamo Kyiv
19.8%
18 May 1983Anderlecht
19.8%
20 May 1987IFK Göteborg
19%
19 May 1965West Ham United
19%
6 May 1992Werder Bremen
17.2%
29 April 1970Manchester City
16.4%
11 May 1988KV Mechelen
15.5%
11 June 1969Newcastle United
15.5%
11 October 1961A.S. Roma
14.7%
21 May 1980Eintracht Frankfurt
13.8%
13 May 1981Dinamo Tbilisi
12.9%
15 May 1964Sporting CP
12.9%
8 May 19741. FC Magdeburg
12.1%
27 May 1961Fiorentina
12.1%
6 September 1967Dinamo Zagreb
6%
23 June 1965Ferencvárosi TC
5.2%
21 May 1969Slovan Bratislava
4.3%

You're not logged in!

Compare scores with friends on all Sporcle quizzes.
Join for Free
OR
Log In

You Might Also Like...

Show Comments

Extras

Top Quizzes Today


Score Distribution

Your Account Isn't Verified!

In order to create a playlist on Sporcle, you need to verify the email address you used during registration. Go to your Sporcle Settings to finish the process.

Report this User

Report this user for behavior that violates our Community Guidelines.

Details: